Statistiques concernant Nommez un pays valide pour chaque monnaie

Cliquez ici pour prendre le quiz!

Statistiques générales

  • Ce quiz a été pris 33 386 fois
    (14 809 depuis la dernière actualisation)
  • Le résultat moyen est 13 sur 25

Statistiques - réponses

Monnaie#Pays% Correct
Euro24Allemagne, Belgique, France...
100%
Dollar33Australie, Canada, États-Unis...
100%
Livre7Égypte, Royaume-Uni, Turquie...
94%
Franc22Cameroun, Sénégal, Suisse...
91%
Peso8Argentine, Mexique, Philippines...
90%
Dinar9Algérie, Serbie, Tunisie...
80%
Yen1Japon
78%
Yuan1Chine
68%
Dirham2Émirats Arabes Unis, Maroc
67%
Roupie8Inde, Indonésie, Pakistan...
66%
Couronne
5Danemark, Islande, Norvège, Rép. Tchèque, Suède
61%
Rouble2Biélorussie, Russie
59%
Won2Corée du Nord, Corée du Sud
55%
Złoty1Pologne
33%
Rial5Arabie Saoudite, Iran, Oman, Qatar, Yémen
31%
Baht1Thaïlande
31%
Réal1Brésil
29%
Dong1Viêt Nam
24%
Bolívar1Venezuela
23%
Bitcoin2République Centrafricaine, Salvador
20%
Forint1Hongrie
14%
Shekel1Israël
14%
Shilling4Kenya, Ouganda, Somalie, Tanzanie
13%
Rand1Afrique du Sud
12%
Or1Zimbabwe
3%

Distribution des résultats

Percentile par nombre de réponses

% des personnes avec chaque résultat

Votre développement - résultats

Vous n’avez pas pris ce quiz depuis la dernière actualisation